00589nam a2200133Ia 4500008004100000100003100041245014800072260002900220300001700249650001500266856008200281999001900363952007300382160712s9999 xx 000 0 und d aAncheta, Maria Rhodora G.  cMaria Rhodora G. AnchetaaPhantasmatic Constructions: Language and Humor and the Interrogation of Identity in Contemporary Filipino Comic Plays c2011bHumanities Diliman avol. 8 no. 2 xHUMANITIES uhttp://journals.upd.edu.ph/index.php/humanitiesdiliman/issue/view/305/showToc c297573d297573 001040aCLbCLd2016-07-12l0r2016-07-12 00:00:00w2016-07-12yFEJ